Excavations in the Roman Legionary Fortress at Caerleon

محفوظ في:

المؤلفون الرئيسيون: Guest, Peter (مؤلف), Gardner, Andrew (مؤلف)

التنسيق: كتاب

منشور في: Oxford Archaeopress Publishing Ltd 2025

الوسوم: إضافة وسم

لا توجد وسوم, كن أول من يضع وسما على هذه التسجيلة!

رقم الطلب:

LEADER 00691namaa2200181 4500
001 9781803276908
003 UkOxAP
005 20260405155017.0
020 |a 9781803276915 
776 1 |x 9781803276908 
245 0 0 |a Excavations in the Roman Legionary Fortress at Caerleon 
100 1 |a Guest, Peter  |e Author  |l English 
700 1 |a Gardner, Andrew  |e Author  |l English 
856 4 2 |a http://library.arce.org:8087/Archaeopress/Products/9781803276915 
260 |a Oxford  |b Archaeopress Publishing Ltd  |c 2025 
270 |a Archaeopress Publishing Ltd, Summertown Pavillion, 18 -24 Middle Way, Summertown  |b Oxford  |d United Kingdom  |e OX2 7LG  |k 44-1865-311914  |m info@archaeopress.com 
942 |2 lcc  |c EBOOK 
999 |c 62099  |d 62099